01570cam a2200313 i 450000100090000000300040000900500170001300800410003001000170007102000180008804000280010604200080013405000220014210000290016424501200019325000120031326400850032530000150041033600260042533700280045133800270047950400510050652003910055765000140094865000170096265000400097965000470101977601900106621724365OSt20230310104701.0200921s2020 ilu b 001 0 eng  a 2020022445 a9780830849383 aDLCbengcDLCerdadDLC apcc00aB823.3b.S56 20201 aSire, James W.,eauthor.14aThe universe next door :ba basic worldview catalog /cJames W. Sire ; foreword to the sixth edition by Jim Hoover. a6th ed. 1aDowners Grove, Illinois :bIVP Academic, an imprint of InterVarsity Press,c2020 axv, 294 p. atextbtxt2rdacontent aunmediatedbn2rdamedia avolumebnc2rdacarrier aIncludes bibliographical references and index. a"For more than forty years, The Universe Next Door has set the standard for an introduction to worldviews. This sixth edition uses James Sire's widely influential model of eight basic worldview questions to examine prominent worldviews that have shaped the Western world, critiquing each worldview within its own frame of reference and in comparison to others"--cProvided by publisher. 0aIdeology. 0aApologetics. 0aTheology, DoctrinalvPopular works. 0aIdeologyxReligious aspectsxChristianity.08iOnline version:aSire, James W.tThe universe next doorbSixth edition.dDowners Grove, Illinois : IVP Academic, an imprint of InterVarsity Press, 2020.z9780830849390w(DLC) 2020022446